000 00972cam a22002894a 4500
001 12135173
003 OSt
005 20140918161728.0
008 000808s2001 paua 001 0 eng
010 _a 00063573
020 _a0721688063
040 _aDLC
_cDLC
_dDLC
042 _apcc
050 0 0 _aQM557
_b.G39 2001
082 0 0 _aQS 504 G16c 2001
_221
100 1 _aGartner, Leslie P.,
_d1943-
_91243
245 1 0 _aColor textbook of histology /
_cLeslie P. Gartner, James L. Hiatt.
250 _a2nd ed.
260 _aPhiladelphia :
_bW.B. Saunders,
_cc2001.
300 _a577 p. :
_bill. (some col.) ;
_c26 cm.
500 _aIncludes index.
650 0 _aHistology
_vAtlases.
_9223
700 1 _aHiatt, James L.,
_d1934-
_91244
906 _a7
_bcbc
_corignew
_d1
_eocip
_f20
_gy-gencatlg
942 _2z
_cSLOAN
999 _c467
_d467